000 02373cam a2200289 4500500
005 20251228080533.0
041 _afre
042 _adc
100 1 0 _aGardaine, Elise
_eauthor
245 0 0 _aLutter contre les discriminations raciales dans la vallée de l'Ondaine
260 _c2006.
500 _a11
520 _aLe Syndicat Intercommunal de la Vallée de l’Ondaine et ses partenaires développent, depuis 2003, une démarche sur les questions liées à la discrimination. Un plan d’actions a été mis en place autour de trois objectifs : sensibiliser les acteurs sociaux et économiques sur le phénomène ; outiller les intermédiaires de l’emploi et travailleurs sociaux dans leurs pratiques d’accompagnement ; travailler avec les publics discriminés sur les ressentis, les représentations, les troubles identitaires...Dans le cadre du deuxième objectif, une boîte à outils a été élaborée, orientée sur l’emploi et le logement. Elle permet de resituer la problématique et propose des argumentaires aux professionnels confrontés à des situations de discrimination face à un employeur ou un bailleur.
520 _aWorking against racial discrimination in the valley of OndaineThe intercommunal syndicate of the valley of Ondaine and its partners started a program against discrimination in 2003 with three objectives : raise consciousness among social and economic actors, give tools to social workers and those working in the field of employment, work with victims of discrimination on their feelings, images and problems of identity.A toolkit has been created on the issues of employment and housing. It enables workers to redefine the problem and to offer arguments to professionals confronted with discriminatory situations with employers or landlords.
690 _aargumentaires
690 _aboîte à outils
690 _alutte contre les discriminations dans l'emploi et le logement
690 _aplan d'actions
690 _apratiques professionnelles
690 _aaction plan
690 _aarguments
690 _afight against discrimination in employment and housing
690 _aprofessional practices
690 _atoolkit
786 0 _nVie sociale | 4 | 4 | 2006-12-01 | p. 58-79 | 0042-5605
856 4 1 _uhttps://shs.cairn.info/revue-vie-sociale-2006-4-page-58?lang=fr&redirect-ssocas=7080
999 _c1598329
_d1598329